Delitos patrimoniales: apropiación por medios materiales, fraudes por engaño y por abuso de confianza

Uloženo v:
Podrobná bibliografie
Hlavní autor: Aguilar Aranela, Cristián
Médium: Kniha
Jazyk:španělština
Vydáno: Santiago, Chile Metropolitana 2008
Témata:
Tagy: Přidat tag
Žádné tagy, Buďte první, kdo vytvoří štítek k tomuto záznamu!

MARC

LEADER 00000nam a2200000 a 4500
001 UCH0178
003 CL-VaPUC
005 20240820104142.0
008 090115e20081100CL |||||||||||||||||spa|d
999 |c 332539  |d 332537 
020 |a 9789562860925 
040 |c Pontificia Universidad Católica de Valparaíso 
082 0 4 |a 345.8304 AGU 2008  |2 21 
100 |a Aguilar Aranela, Cristián  |9 574648 
245 1 0 |a Delitos patrimoniales: apropiación por medios materiales, fraudes por engaño y por abuso de confianza 
260 0 3 |a Santiago, Chile  |b Metropolitana  |c 2008 
300 |a 191 páginas. 
500 |a Incluye Actualización de Leyes N° 20.090, 20.253 y 20.273 
583 |a last modification  |c 20130104 09:43:45  |k Rodrigo Vera 
650 0 |a Responsabilidad penal  |9 254899 
650 0 |a Bienes públicos  |9 390900 
650 0 |a Aspectos jurídicos  |9 328188 
650 0 |a Delitos  |9 224143 
650 0 |a Abuso de confianza  |9 534326 
650 0 |a Protección del patrimonio cultural  |9 534327 
942 |c BK  |2 ddc 
945 |d 20090115 00:00:00  |a jtorresc 
952 |0 0  |1 0  |2 ddc  |4 0  |6 345_830400000000000_AGU_2008  |7 0  |8 A  |9 420328  |a BIBDER  |b BIBDER  |d 2019-11-22  |i 4512782  |o 345.8304 AGU 2008  |p 4512782  |r 2023-01-25  |t 1  |w 2019-11-22  |y BK  |k DER